000 00552nam a2200205Ii 4500
003 JO-AjNU
008 230606s9999||||xx |||||||||||||| ||und||
020 _a978-1-4391-5501-1
040 _aJO-AjNU
_beng
_erda
_cJO-AjNU
041 _aeng
050 1 4 _aPS3551.N454.D38 2010
100 3 _aAndrews.v.c,
_eauthor
_92645
245 0 0 _aDaughter of Darkness
264 3 1 _aLondon:pocket star ,
300 _a394p
336 _atext
_btxt
_2rdacontent
337 _aunmediated
_bn
_2rdamedia
338 _avolume
_bnc
_2rdacarrier
650 4 _aSTORY
_92646
999 _aE1382
_c1382
_d1382